[Event "Belgrade Trophy 25th"]
[Site "Obrenovac"]
[Date "2011.11.24"]
[Round "1"]
[White "Cvetkovic, Srdjan"]
[Black "Djukic, Milorad"]
[Result "1-0"]
[WhiteElo "2395"]
[BlackElo "1949"]
[PlyCount "31"]
[EventDate "2011.11.24"]
[EventType "swiss"]
[EventRounds "9"]
[EventCountry "YUG"]
[SourceTitle "CBM 145 Extra"]
[Source "ChessBase"]
[SourceDate "2012.01.03"]
[SourceVersion "1"]
[SourceVersionDate "2012.01.03"]
[SourceQuality "1"]

1. c4 e6 2. Nf3 d5 3. d4 Nf6 4. Nc3 Ne4 5. Qc2 Nxc3 6. bxc3 b6 7. e4 Bb7 8. cxd5 exd5 9. e5 c5 10. Bd3 h6 11. 0-0 Be7 12. e6 0-0 13. Ne5 fxe6 14. Bg6 Nc6 15. Bh7+ Kh8 16. Ng6+ 1-0

[Event "Belgrade Trophy 23rd"]
[Site "Obrenovac"]
[Date "2010.12.01"]
[Round "8"]
[White "Maksimovic, Marko"]
[Black "Djukic, Milorad"]
[Result "0-1"]
[WhiteElo "2194"]
[BlackElo "1980"]
[PlyCount "52"]
[EventDate "2010.11.24"]
[EventType "swiss"]
[EventRounds "9"]
[EventCountry "YUG"]
[SourceTitle "CBM 139 Extra"]
[Source "ChessBase"]
[SourceDate "2011.01.05"]
[SourceVersion "1"]
[SourceVersionDate "2011.01.05"]
[SourceQuality "1"]

1. d4 f5 2. c4 Nf6 3. Nc3 g6 4. h3 Bg7 5. g4 fxg4 6. hxg4 Nxg4 7. f3 Nf6 8. e4 d6 9. Be3 Nh5 10. Nge2 0-0 11. Bg2 e5 12. d5 Nf4 13. Bf1 a6 14. Qd2 g5 15. 0-0-0 b5 16. cxb5 axb5 17. Nxb5 Rxa2 18. Kb1 Ra8 19. Rc1 Ba6 20. Ng3 Rf7 21. Nf5 Bxb5 22. Bxb5 Na6 23. Qh2 Bf8 24. Nh6+ Bxh6 25. Qxh6 Nb4 26. Bxf4 Ra1+ 0-1

[Event "Belgrade Trophy 23rd"]
[Site "Obrenovac"]
[Date "2010.11.30"]
[Round "7"]
[White "Ilic, Zoran"]
[Black "Djukic, Milorad"]
[Result "1-0"]
[WhiteElo "2261"]
[BlackElo "1980"]
[PlyCount "79"]
[EventDate "2010.11.24"]
[EventType "swiss"]
[EventRounds "9"]
[EventCountry "YUG"]
[SourceTitle "CBM 139 Extra"]
[Source "ChessBase"]
[SourceDate "2011.01.05"]
[SourceVersion "1"]
[SourceVersionDate "2011.01.05"]
[SourceQuality "1"]

1. Nf3 d5 2. g3 Nf6 3. Bg2 g6 4. c4 dxc4 5. Na3 c3 6. bxc3 Bg7 7. 0-0 0-0 8. Rb1 c6 9. c4 Re8 10. d4 Nbd7 11. Bb2 Nb6 12. Qb3 Bf5 13. Rbc1 Ne4 14. Rfd1 Qc8 15. Nh4 Ng5 16. Nxf5 Qxf5 17. f4 Ne6 18. c5 Nd7 19. e4 Qh5 20. Nc4 b5 21. Na5 Rac8 22. e5 Nef8 23. d5 a6 24. a4 bxa4 25. Qxa4 Qe2 26. Ba3 Nb8 27. d6 Nbd7 28. Nc4 e6 29. Rd2 Qh5 30. Nb6 Nxb6 31. cxb6 Rb8 32. d7 Red8 33. Qxa6 Bxe5 34. fxe5 Qxe5 35. Qd3 Rxb6 36. Qd6 Qxd6 37. Bxd6 Kg7 38. Bxf8+ Kxf8 39. Bxc6 Ke7 40. Rd4 1-0

[Event "Belgrade Trophy 23rd"]
[Site "Obrenovac"]
[Date "2010.11.24"]
[Round "1"]
[White "Radlovacki, Jovan"]
[Black "Djukic, Milorad"]
[Result "1-0"]
[WhiteElo "2415"]
[BlackElo "1980"]
[PlyCount "105"]
[EventDate "2010.11.24"]
[EventType "swiss"]
[EventRounds "9"]
[EventCountry "YUG"]
[SourceTitle "CBM 139 Extra"]
[Source "ChessBase"]
[SourceDate "2011.01.05"]
[SourceVersion "1"]
[SourceVersionDate "2011.01.05"]
[SourceQuality "1"]

1. e4 d5 2. exd5 Qxd5 3. Nc3 Qa5 4. d4 c6 5. Nf3 Bg4 6. h3 Bxf3 7. Qxf3 Nf6 8. Bd2 Qb6 9. 0-0-0 e6 10. a3 Nbd7 11. Bf4 Be7 12. Ne4 Nxe4 13. Qxe4 Nf6 14. Qf3 0-0 15. c4 c5 16. dxc5 Bxc5 17. Rd3 Rfd8 18. Rb3 Qa5 19. Bd3 Bb6 20. Rb5 Qa4 21. Qe2 Rac8 22. Kb1 Rc5 23. Rxc5 Bxc5 24. Rd1 Kf8 25. Ka2 Be7 26. g4 b5 27. g5 Ne8 28. Rc1 bxc4 29. Rxc4 Qa5 30. h4 e5 31. Be3 Qd5 32. Be4 Qe6 33. Kb1 Nd6 34. Rc6 Qb3 35. Rc3 Qb8 36. Bd3 e4 37. Bc2 Qb7 38. Bc5 f5 39. gxf6 Bxf6 40. Bxe4 Qc7 41. Rc2 Kg8 42. Bd3 Kh8 43. Qe6 Qf7 44. Re2 Qxe6 45. Rxe6 Nf7 46. Bxa7 Ne5 47. Bb5 h5 48. Re8+ Kh7 49. Rxd8 Bxd8 50. a4 Bxh4 51. a5 Bd8 52. a6 Bc7 53. Bd4 1-0

[Event "Belgrade Spring op"]
[Site "Belgrade"]
[Date "2010.03.31"]
[Round "8"]
[White "Carnic, Dejan"]
[Black "Djukic, Milorad"]
[Result "1/2-1/2"]
[WhiteElo "2117"]
[BlackElo "1979"]
[PlyCount "20"]
[EventDate "2010.03.23"]
[EventType "swiss"]
[EventRounds "9"]
[EventCountry "YUG"]
[SourceTitle "CBM 135 Extra"]
[Source "ChessBase"]
[SourceDate "2010.05.04"]
[SourceVersion "1"]
[SourceVersionDate "2010.05.04"]
[SourceQuality "1"]

1. e4 d5 2. exd5 Qxd5 3. Nc3 Qa5 4. d4 c6 5. Nf3 Nf6 6. g3 g6 7. Bg2 Bg7 8. 0-0 0-0 9. Bd2 Qc7 10. a3 a6 1/2-1/2

[Event "Belgrade Spring op"]
[Site "Belgrade"]
[Date "2010.03.26"]
[Round "4"]
[White "Aleksic, Ceda"]
[Black "Djukic, Milorad"]
[Result "0-1"]
[WhiteElo "1779"]
[BlackElo "1979"]
[PlyCount "25"]
[EventDate "2010.03.23"]
[EventType "swiss"]
[EventRounds "9"]
[EventCountry "YUG"]
[SourceTitle "CBM 135 Extra"]
[Source "ChessBase"]
[SourceDate "2010.05.04"]
[SourceVersion "1"]
[SourceVersionDate "2010.05.04"]
[SourceQuality "1"]

1. d4 c5 2. Nf3 cxd4 3. Nxd4 e5 4. Nf3 e4 5. Nd4 d5 6. e3 Nc6 7. Bb5 Bd7 8. 0-0 Qg5 9. Re1 Nf6 10. Bf1 Bd6 11. Nxc6 Bxh2+ 12. Kxh2 Qh4+ 13. Kg1 0-1

[Event "Belgrade op"]
[Site "Belgrade"]
[Date "2009.12.02"]
[Round "9"]
[White "Djukic, Milorad"]
[Black "Ratkovic, Miloje"]
[Result "0-1"]
[WhiteElo "1970"]
[BlackElo "2077"]
[PlyCount "80"]
[EventDate "2009.11.24"]
[EventType "swiss"]
[EventRounds "9"]
[EventCountry "YUG"]
[SourceTitle "CBM 133 Extra"]
[Source "ChessBase"]
[SourceDate "2010.01.05"]
[SourceVersion "1"]
[SourceVersionDate "2010.01.05"]
[SourceQuality "1"]

1. g4 d5 2. Bg2 c6 3. e4 dxe4 4. Bxe4 e6 5. d4 Bd6 6. h4 Nd7 7. g5 Qc7 8. Qd3 Ne7 9. h5 Nf8 10. c4 Bf4 11. Be3 Bxe3 12. Qxe3 Nf5 13. Bxf5 Qa5+ 14. Nc3 Qxf5 15. d5 Nd7 16. Nf3 0-0 17. 0-0-0 e5 18. Rh4 f6 19. Ne4 cxd5 20. cxd5 fxg5 21. Nfxg5 Nb6 22. Ng3 Qxf2 23. Qxe5 Bf5 24. Nxf5 Rac8+ 25. Qc3 Rxc3+ 26. bxc3 Rxf5 27. Re4 Rxg5 28. Rd2 Rg1+ 29. Kc2 Qf5 30. Rde2 Rg4 31. Kd3 Qxd5+ 32. Rd4 Qf3+ 33. Kd2 Nc4+ 34. Rxc4 Rxc4 35. Re8+ Kf7 36. Re3 Qf4 37. Kd3 Rxc3+ 38. Kxc3 Qxe3+ 39. Kb4 g5 40. hxg6+ hxg6 0-1

[Event "Belgrade op"]
[Site "Belgrade"]
[Date "2009.11.30"]
[Round "7"]
[White "Djukic, Milorad"]
[Black "Cvetkovic, Vidoje"]
[Result "1-0"]
[WhiteElo "1970"]
[BlackElo "2089"]
[PlyCount "64"]
[EventDate "2009.11.24"]
[EventType "swiss"]
[EventRounds "9"]
[EventCountry "YUG"]
[SourceTitle "CBM 133 Extra"]
[Source "ChessBase"]
[SourceDate "2010.01.05"]
[SourceVersion "1"]
[SourceVersionDate "2010.01.05"]
[SourceQuality "1"]

1. g4 d5 2. Bg2 c6 3. e4 d4 4. d3 e5 5. h4 Bd6 6. a4 a5 7. Na3 Be6 8. Nc4 Bxc4 9. dxc4 Na6 10. Ne2 Ne7 11. f4 Ng6 12. f5 Nxh4 13. Bf1 Nf3+ 14. Kf2 Ng5 15. Rh5 Nxe4+ 16. Kf3 Nf6 17. Rh4 e4+ 18. Kg2 c5 19. g5 Nd7 20. Rxe4+ Kf8 21. Nxd4 Be7 22. f6 gxf6 23. Nf5 Ne5 24. Qh5 Rg8 25. Be3 Qd7 26. Qxh7 Bd8 27. Nh6 Rg6 28. Qh8+ Ke7 29. Ng8+ Ke6 30. Kf2 Bc7 31. Bh3+ f5 32. Bxf5+ Kxf5 1-0

[Event "Belgrade-ch"]
[Site "Belgrade"]
[Date "2009.02.01"]
[Round "9"]
[White "Djukic, Milorad"]
[Black "Fustar, Janko"]
[Result "1/2-1/2"]
[WhiteElo "1966"]
[BlackElo "1784"]
[PlyCount "21"]
[EventDate "2009.01.24"]
[EventType "swiss"]
[EventRounds "9"]
[EventCountry "YUG"]
[SourceTitle "CBM 128 Extra"]
[Source "ChessBase"]
[SourceDate "2009.03.05"]
[SourceVersion "2"]
[SourceVersionDate "2009.03.25"]
[SourceQuality "1"]

1. g4 d5 2. Bg2 c6 3. e4 e5 4. exd5 cxd5 5. d4 exd4 6. Qxd4 Nc6 7. Qa4 Bc5 8. Ne2 Nge7 9. Nbc3 0-0 10. Bg5 Be6 11. 0-0 1/2-1/2

[Event "Belgrade-ch"]
[Site "Belgrade"]
[Date "2009.01.29"]
[Round "6"]
[White "Katic, Goran"]
[Black "Djukic, Milorad"]
[Result "1-0"]
[WhiteElo "2096"]
[BlackElo "1966"]
[PlyCount "69"]
[EventDate "2009.01.24"]
[EventType "swiss"]
[EventRounds "9"]
[EventCountry "YUG"]
[SourceTitle "CBM 128 Extra"]
[Source "ChessBase"]
[SourceDate "2009.03.05"]
[SourceVersion "2"]
[SourceVersionDate "2009.03.25"]
[SourceQuality "1"]

1. e4 d5 2. exd5 Qxd5 3. Nc3 Qa5 4. d4 c6 5. Bc4 Nf6 6. Nf3 Bg4 7. Bd2 e6 8. 0-0 Nbd7 9. h3 h5 10. hxg4 hxg4 11. Ng5 Bd6 12. g3 0-0-0 13. Nd5 Qa4 14. b3 Qa3 15. Nxf6 Nxf6 16. Nxf7 Bc7 17. Nxd8 Rxd8 18. Bxe6+ Kb8 19. Bf4 Bxf4 20. gxf4 Qd6 21. Qe2 Ka8 22. Qe5 Qb4 23. Rad1 g3 24. Qc5 gxf2+ 25. Kg2 Qb6 26. Qxb6 axb6 27. Kxf2 Ne4+ 28. Kf3 Nc3 29. a4 Rd6 30. f5 g6 31. Rd3 Na2 32. c3 gxf5 33. Bxf5 c5 34. Ra1 Nxc3 35. Rxc3 1-0

[Event "Belgrade-ch"]
[Site "Belgrade"]
[Date "2009.01.26"]
[Round "3"]
[White "Djukic, Milorad"]
[Black "Paulic, Branko"]
[Result "1/2-1/2"]
[WhiteElo "1966"]
[BlackElo "2201"]
[PlyCount "20"]
[EventDate "2009.01.24"]
[EventType "swiss"]
[EventRounds "9"]
[EventCountry "YUG"]
[SourceTitle "CBM 128 Extra"]
[Source "ChessBase"]
[SourceDate "2009.03.05"]
[SourceVersion "2"]
[SourceVersionDate "2009.03.25"]
[SourceQuality "1"]

1. f4 Nf6 2. Nf3 d6 3. g3 g6 4. Bg2 Bg7 5. 0-0 0-0 6. Nc3 c5 7. h3 Nc6 8. d3 Rb8 9. e4 Qc7 10. Kh2 b5 1/2-1/2

[Event "Belgrade Trophy 19th"]
[Site "Belgrade"]
[Date "2006.11.26"]
[Round "5"]
[White "Djukic, Milorad"]
[Black "Prelevic, Dusko"]
[Result "1-0"]
[WhiteElo "2115"]
[BlackElo "2320"]
[PlyCount "51"]
[EventDate "2006.11.22"]
[EventType "swiss"]
[EventRounds "9"]
[EventCountry "YUG"]
[SourceTitle "CBM 115 Extra"]
[Source "ChessBase"]
[SourceDate "2007.01.10"]
[SourceVersion "1"]
[SourceVersionDate "2007.01.10"]
[SourceQuality "1"]

1. g4 d5 2. Bg2 Bxg4 3. c4 c6 4. cxd5 cxd5 5. Qb3 e6 6. Qa4+ Nc6 7. Qxg4 Nf6 8. Qa4 Bd6 9. Nf3 0-0 10. Nc3 e5 11. d3 e4 12. dxe4 dxe4 13. Nxe4 Nxe4 14. Qxe4 Bb4+ 15. Bd2 Bxd2+ 16. Nxd2 Re8 17. Qa4 Nd4 18. e3 Qh4 19. Kf1 Rxe3 20. fxe3 Qf6+ 21. Ke1 Qh4+ 22. Kd1 Qh5+ 23. Kc1 Rc8+ 24. Kb1 Qf5+ 25. Be4 Qf2 26. Qd7 1-0